书目信息 |
| 题名: |
嵇康诗文选译
|
|
| 作者: | 嵇康 著 ;武秀成 译注 | |
| 分册: | ||
| 出版信息: | 成都 巴蜀书社 1991.10 |
|
| 页数: | 249页 | |
| 开本: | 19cm | |
| 丛书名: | 古代文史名著选译丛书 | |
| 单 册: | ||
| 中图分类: | I213.62 , I211 | |
| 科图分类: | ||
| 主题词: | 古典诗歌--中国--三国时代--选集 , 古典诗歌 , 古典散文--中国--三国时代--选集 , 古典散文 | |
| 电子资源: | ||
| ISBN: | 7-80523-358-6 | |
| 000 | 00968oam2 2200313 450 | |
| 001 | 1531426629 | |
| 005 | 20150125084434.70 | |
| 010 | @a7-80523-358-6@dCNY28.00 | |
| 100 | @a19920527d1991 em y0chiy0110 ea | |
| 101 | 0 | @achi |
| 102 | @aCN@b510000 | |
| 105 | @ay z 000zy | |
| 200 | 1 | @a嵇康诗文选译@9ji kang shi wen xuan yi@f(三国)嵇 康著@g武秀成译注 |
| 210 | @a成都@c巴蜀书社@d1991.10 | |
| 215 | @a249页@d19cm | |
| 225 | 2 | @a古代文史名著选译丛书@i魏晋南北朝@f章培恒等主编 |
| 300 | @a国家教委古籍整理“七·五”规划重点项目 | |
| 461 | 0 | @12001 @a古代文史名著选译丛书 |
| 462 | 0 | @12001 @a魏晋南北朝 |
| 606 | 0 | @a古典诗歌@y中国@z三国时代@x选集 |
| 606 | 0 | @a古典诗歌 |
| 606 | 0 | @a古典散文@y中国@z三国时代@x选集 |
| 606 | 0 | @a古典散文 |
| 690 | @aI213.62@v三版 | |
| 690 | @aI211@v4 | |
| 701 | 0 | @c(三国魏)@a嵇康@9ji kang@f(223~263)@4著 |
| 702 | 0 | @a武秀成@9wu xiu cheng@f(1959~)@4译注 |
| 801 | 0 | @aCN@bTSSF@c20150125 |
| 905 | @aZUCC@dI211@eJY103 | |
| 嵇康诗文选译/(三国)嵇 康著/武秀成译注.-成都:巴蜀书社,1991.10 |
| 249页;19cm.-(古代文史名著选译丛书.魏晋南北朝/章培恒等主编) |
| 国家教委古籍整理“七·五”规划重点项目 |
| ISBN 7-80523-358-6:CNY28.00 |
| ● |
| 相关链接 |
|
|
|
|
正题名:嵇康诗文选译
索取号:I211/JY103
 
预约/预借
| 序号 | 登录号 | 条形码 | 馆藏地/架位号 | 状态 | 备注 |
| 1 | 7854187 | 278541874 | 学院路分馆/ [索取号:I211/JY103] | 在馆 | |
| 2 | 7854188 | 278541883 | 学院路分馆/ [索取号:I211/JY103] | 在馆 |